• 首页
  • 本馆介绍
  • 公告通知
  • 最新文献
  • 馆藏检索
  • 电子资源
  • 读者导购
  • 参考咨询
  • 我的图书馆
  • 登录
  • 详细信息显示
  • 放入我的书架
  • 预约/预借图书
  • 作者相关作品
  • 分类相关作品
  • 丛书相关作品
  • 出版社相关作品

书目信息

  • 表格格式
  • 工作单格式
  • 卡片格式
题名:
精密天平修理
    
 
作者: 郑树鹏 编著
分册:  
出版信息: 北京   机械工业出版社  1980
页数: 187页
开本: 19cm
丛书名:
单 册:
中图分类: TH715.1
科图分类: 79.823
主题词: 计量仪器
电子资源:
ISBN:
000 00585nnam 2200217 45
001 0196010307
005 20060814152749.46
010    @dCNY0.50
100    @a19950626d1980 em y0chiy0121 ea
101 0  @achi
102    @aCN@b110000
105    @ay z 000yy
200 10 @a精密天平修理@AJING MI TIAN PING XIU LI@f郑树鹏编著@FZHENG SHU PENG BIAN ZHU
210    @a北京@c机械工业出版社@d1980
215    @a187页@d19cm
606 0  @a计量仪器
690    @aTH715.1
692    @a79.823
701  0 @a郑树鹏@AZHENG SHU PENG@4编著
801  0 @aCN@bNLC@c20060814
905    @f1@b131232@dTH715.1@e7
    
    精密天平修理/郑树鹏编著.-北京:机械工业出版社,1980
    187页;19cm
    
    
    ISBN :CNY0.50
    
●
相关链接 在E读中查询图书 在五车中查询图书 在当当中查询图书 在豆瓣中查询图书


正题名:精密天平修理     索取号:TH715.1/7         预约/预借

序号 登录号 条形码 馆藏地/架位号 状态 备注
1 0458219   204582193   密集书库/ [索取号:TH715.1/7] 在馆    
2 0458220   204582200   密集书库/ [索取号:TH715.1/7] 在馆    
唐山师范学院图书馆 欢迎您!
大连网信软件有限公司© 版权所有